书目信息 |
| 题名: |
1938:武汉大会战
|
|
| 作者: | 李永铭 著 | |
| 分册: | ||
| 出版信息: | 武汉 湖北人民出版社 2005 |
|
| 页数: | 276页 | |
| 开本: | 23cm | |
| 丛书名: | ||
| 单 册: | ||
| 中图分类: | K265.21 | |
| 科图分类: | ||
| 主题词: | 武汉会战--史料 , 武汉会战 | |
| 电子资源: | ||
| ISBN: | 7-216-04304-9 | |
| 000 | 00700nam0 2200229 450 | |
| 001 | 003026478 | |
| 005 | 20061210143206.75 | |
| 010 | @a7-216-04304-9@dCNY28.00 | |
| 100 | @a20051201d2005 em y0chiy0110 ea | |
| 101 | 0 | @achi |
| 102 | @aCN@b420000 | |
| 105 | @aa z 000zd | |
| 200 | 1 | @a1938:武汉大会战@91938 : wu han da hui zhan@f李永铭著 |
| 210 | @a武汉@c湖北人民出版社@d2005 | |
| 215 | @a276页@c图,照片@d23cm | |
| 330 | @a本书记录了武汉会战,内容包括不眠的战时大本营、宝塔灯火映江汉、八方风雨聚江城和大江壮歌等。 | |
| 606 | 0 | @a武汉会战@j史料 |
| 606 | 0 | @a武汉会战 |
| 690 | @aK265.21@v3 | |
| 701 | 0 | @a李永铭@9li yong ming@4著 |
| 801 | 0 | @aCN@bNLC@c20061210 |
| 905 | @a10447@dK265.21@e63 | |
| 1938:武汉大会战/李永铭著.-武汉:湖北人民出版社,2005 |
| 276页:图,照片;23cm |
| ISBN 7-216-04304-9:CNY28.00 |
| 本书记录了武汉会战,内容包括不眠的战时大本营、宝塔灯火映江汉、八方风雨聚江城和大江壮歌等。 |
| ● |
| 相关链接 |
|
|
|
|
正题名:1938:武汉大会战
索取号:K265.21/63
 
预约/预借
| 序号 | 登录号 | 条形码 | 馆藏地/架位号 | 状态 | 备注 |
| 1 | 0380438 | 203804384 | 第二样本阅览室/ [索取号:K265.21/63] | 在馆 | |
| 2 | 0380439 | 203804393 | 第二借阅区/ [索取号:K265.21/63] | 在馆 | |
| 3 | 0380440 | 203804400 | 第二借阅区/ [索取号:K265.21/63] | 在馆 | |
| 4 | 0380441 | 203804419 | 第二借阅区/ [索取号:K265.21/63] | 在馆 | |
| 5 | 0380442 | 203804428 | 第二借阅区/ [索取号:K265.21/63] | 在馆 | |
| 6 | 0609008 | 206090086 | 第二借阅区/ [索取号:K265.21/63] | 在馆 | |
| 7 | 0609009 | 206090095 | 第二借阅区/ [索取号:K265.21/63] | 在馆 | |
| 8 | 0609010 | 206090102 | 第二借阅区/ [索取号:K265.21/63] | 在馆 | |
| 9 | 0609011 | 206090111 | 第二借阅区/ [索取号:K265.21/63] | 在馆 | |
| 10 | 0609012 | 206090120 | 第二借阅区/ [索取号:K265.21/63] | 在馆 |